[Event "BL 9192 Buna Halle-HSK"]
[Site "?"]
[Date "1991.??.??"]
[Round "?.6"]
[White "Dietze, W."]
[Black "Michaelsen, N."]
[Result "0-1"]
[WhiteElo "2290"]
[BlackElo "2370"]
[PlyCount "148"]
[EventDate "1991.??.??"]

1. d4 Nf6 2. Nf3 g6 3. c4 Bg7 4. Nc3 d5 5. e3 O-O 6. Be2 c5 7. O-O cxd4 8. exd4
Nc6 9. Bg5 Be6 10. c5 Ne4 11. Be3 h6 12. Ne1 f5 13. f3 Nxc5 14. b4 Nd7 15. b5
Na5 16. Nd3 Bf7 17. Nb4 Nb6 18. Rc1 Rc8 19. Bf2 e6 20. Re1 Nbc4 21. Bf1 Qb6 22.
a4 a6 23. Nba2 axb5 24. Rb1 Na3 25. Rb2 Rfd8 26. Nxb5 N5c4 27. Rb3 Nxb5 28.
Rxb5 Qa7 29. Nc1 Rd6 30. Ne2 Ra6 31. Qb3 b6 32. Nf4 Qd7 33. Qd1 Ra5 34. Bxc4
dxc4 35. Rxb6 c3 36. Nxe6 c2 37. Qc1 Rxa4 38. Nxg7 Kxg7 39. d5 Qxd5 40. Qb2+
Kh7 41. Be3 Re8 42. Qxc2 Rxe3 43. Rxe3 Qd4 44. Rbb3 f4 45. Qc7 Ra1+ 46. Kf2
Ra2+ 47. Kf1 Qd1+ 48. Re1 Qxb3 49. Qxf4 Qc4+ 50. Qxc4 Bxc4+ 51. Kg1 Kg7 52. h4
Bd5 53. Rd1 Be6 54. Kh2 Kf6 55. Kg3 Rc2 56. Ra1 h5 57. Ra6 Rb2 58. Rc6 Ke5 59.
Rc1 Bf5 60. Rd1 Rc2 61. Rd8 Be6 62. Rd1 Bc4 63. Re1+ Kd4 64. Ra1 Ke3 65. Rb1
Bd3 66. Rd1 Ke2 67. Ra1 Rd2 68. Rc1 Bc2 69. Ra1 Bd1 70. Kf4 Kf2 71. Ra6 Kxg2
72. Rxg6+ Kf2 73. Ra6 Bxf3 74. Ra4 Be2 0-1

[Event "BL 9192 Buna Halle-HSK"]
[Site "?"]
[Date "1991.??.??"]
[Round "?.7"]
[White "Wegner, H."]
[Black "Csulits, A."]
[Result "1/2-1/2"]
[WhiteElo "2425"]
[BlackElo "2325"]
[PlyCount "69"]
[EventDate "1991.??.??"]

1. d4 Nf6 2. Nf3 g6 3. Bg5 Bg7 4. Nbd2 c5 5. Bxf6 Bxf6 6. Ne4 Bxd4 7. Nxd4 cxd4
8. Qxd4 O-O 9. c4 Qa5+ 10. Qd2 Qxd2+ 11. Kxd2 d6 12. Nc3 Be6 13. b3 Nc6 14. g3
Rfc8 15. Bg2 Rab8 16. Rhc1 a6 17. Nd5 Bxd5 18. cxd5 Nd8 19. Bh3 e6 20. f4 Kf8
21. dxe6 fxe6 22. Bg2 Ke7 23. h4 Nc6 24. g4 d5 25. e4 Kd6 26. Rc3 Nb4 27. a3
Rxc3 28. Kxc3 Nc6 29. exd5 exd5 30. Rd1 Ne7 31. Kd3 Rf8 32. Ke3 Rc8 33. Kd3 Rf8
34. Ke3 Rc8 35. Kd3 1/2-1/2

[Event "BL 9192 Buna Halle-HSK"]
[Site "?"]
[Date "1991.??.??"]
[Round "?.8"]
[White "Becker, Mi"]
[Black "Heinemann, T."]
[Result "0-1"]
[WhiteElo "2285"]
[BlackElo "2405"]
[PlyCount "82"]
[EventDate "1991.??.??"]

1. e4 c5 2. Nc3 Nc6 3. f4 g6 4. Nf3 Bg7 5. Bc4 e6 6. O-O Nge7 7. Qe1 a6 8. a4
Nd4 9. Nxd4 cxd4 10. Ne2 d5 11. exd5 Nxd5 12. f5 gxf5 13. Bxd5 Qxd5 14. Nf4 Qd6
15. Nh5 Be5 16. d3 Rg8 17. Bf4 Bxf4 18. Nf6+ Kf8 19. Rxf4 Rg6 20. Nxh7+ Kg7 21.
Rh4 Bd7 22. Rh5 Qd5 23. Ng5 Bc6 24. Ne4 Rh8 25. c4 dxc3 26. Qxc3+ f6 27. Rg5
Rf8 28. Rxg6+ Kxg6 29. Qc5 Rd8 30. Qxd5 Rxd5 31. Nf2 Rd4 32. a5 Rb4 33. Nd1 e5
34. Kf2 Ba4 35. Ke3 f4+ 36. Kd2 Bxd1 37. Rxd1 Rxb2+ 38. Kc3 Rxg2 39. Rb1 Rxh2
40. Rxb7 Ra2 41. d4 Rxa5 0-1

[Event "BL 9192 Hannover-Buna Halle"]
[Site "?"]
[Date "1991.??.??"]
[Round "?.2"]
[White "Dankert, P."]
[Black "Lechtinsky, J."]
[Result "1/2-1/2"]
[WhiteElo "2230"]
[BlackElo "2400"]
[PlyCount "55"]
[EventDate "1991.??.??"]

1. d4 Nf6 2. c4 e6 3. Nf3 Bb4+ 4. Bd2 c5 5. Bxb4 cxb4 6. g3 b6 7. Bg2 Bb7 8.
O-O O-O 9. a3 bxa3 10. Nxa3 Qe7 11. Nc2 d5 12. b3 Rd8 13. Qc1 dxc4 14. bxc4 Nc6
15. Qb2 Rac8 16. Na3 Na5 17. Rfc1 Be4 18. Ne5 Bxg2 19. Kxg2 Qb7+ 20. f3 Ne8 21.
Rab1 f6 22. Nd3 Nd6 23. c5 Nf5 24. cxb6 axb6 25. Qxb6 Qxb6 26. Rxb6 Rxc1 27.
Nxc1 Nxd4 28. Kf2 1/2-1/2

[Event "BL 9192 Hannover-Buna Halle"]
[Site "?"]
[Date "1991.??.??"]
[Round "?.8"]
[White "Oppitz, P."]
[Black "Becker, Mi"]
[Result "1/2-1/2"]
[WhiteElo "2240"]
[BlackElo "2285"]
[PlyCount "39"]
[EventDate "1991.??.??"]

1. e4 c5 2. Nf3 Nc6 3. d4 cxd4 4. Nxd4 g6 5. Nc3 Bg7 6. Be3 Nf6 7. Bc4 O-O 8.
Bb3 d6 9. f3 a5 10. Qd2 Bd7 11. Ndb5 Ne5 12. a4 Qc8 13. Qe2 Be6 14. Nd5 Nxd5
15. exd5 Bd7 16. h3 Bxb5 17. Qxb5 Nd7 18. c3 Nc5 19. O-O Nxb3 20. Qxb3 1/2-1/2

[Event "BL 9192 HSK-Empor Berlin"]
[Site "?"]
[Date "1991.??.??"]
[Round "?.1"]
[White "Dautov, R."]
[Black "Wahls, M."]
[Result "1-0"]
[WhiteElo "2595"]
[BlackElo "2560"]
[PlyCount "77"]
[EventDate "1991.??.??"]

1. d4 Nf6 2. c4 g6 3. Nf3 Bg7 4. g3 O-O 5. Bg2 d6 6. Nc3 Nc6 7. O-O Bf5 8. Ne1
Qc8 9. e4 Bh3 10. f4 Bxg2 11. Kxg2 e5 12. d5 Nd4 13. fxe5 dxe5 14. Bg5 Nd7 15.
Qd2 Re8 16. Nf3 c6 17. Bh6 Bxh6 18. Qxh6 f6 19. Rad1 c5 20. h4 Qc7 21. h5 Nf8
22. Nh2 Qg7 23. Qxg7+ Kxg7 24. h6+ Kf7 25. Ng4 Nd7 26. Rf2 Rf8 27. Rdf1 Ke7 28.
d6+ Ke6 29. Nd5 f5 30. Nc7+ Kxd6 31. Nxa8 Rxa8 32. exf5 gxf5 33. Ne3 f4 34.
gxf4 Rg8+ 35. Kh3 Rg6 36. fxe5+ Kxe5 37. Ng4+ Kd6 38. Rf7 Ne6 39. Rxd7+ 1-0

[Event "BL 9192 HSK-Empor Berlin"]
[Site "?"]
[Date "1991.??.??"]
[Round "?.3"]
[White "Muse, M."]
[Black "Brunner, L."]
[Result "1-0"]
[WhiteElo "2445"]
[BlackElo "2505"]
[PlyCount "77"]
[EventDate "1991.??.??"]

1. d4 Nf6 2. c4 g6 3. Nc3 Bg7 4. e4 d6 5. Be2 O-O 6. Nf3 e5 7. O-O Nc6 8. d5
Ne7 9. b4 a5 10. Ba3 axb4 11. Bxb4 Nd7 12. a4 Kh8 13. Nd2 f5 14. Nb3 Nf6 15.
Bf3 fxe4 16. Nxe4 Nxe4 17. Bxe4 Ng8 18. c5 Nf6 19. f3 Nxe4 20. fxe4 Rxf1+ 21.
Qxf1 dxc5 22. Nxc5 b6 23. Nb3 Bd7 24. a5 bxa5 25. Rxa5 Rxa5 26. Bxa5 Qg5 27.
Qf2 Ba4 28. Bd2 Qf6 29. Nc5 Bc2 30. Ba5 Qxf2+ 31. Kxf2 Bf8 32. Ne6 Kg8 33. Kf3
c6 34. dxc6 Ba4 35. Nd8 Kg7 36. c7 Bd7 37. Nc6 Bc5 38. Nxe5 Bc8 39. Nc4 {ZÜ}
1-0

[Event "BL 9192 HSK-Empor Berlin"]
[Site "?"]
[Date "1991.??.??"]
[Round "?.4"]
[White "Mueller, Ka"]
[Black "Volke, K."]
[Result "1-0"]
[WhiteElo "2425"]
[BlackElo "2425"]
[PlyCount "59"]
[EventDate "1991.??.??"]

1. e4 c5 2. Nf3 e6 3. d4 cxd4 4. Nxd4 Nf6 5. Nc3 d6 6. Bc4 Be7 7. O-O O-O 8.
Be3 Nc6 9. Bb3 Bd7 10. f4 Qb8 11. Qf3 Na5 12. g4 Bc6 13. f5 Nxb3 14. axb3 d5
15. Nxc6 bxc6 16. g5 Nd7 17. Kh1 Bc5 18. Bf4 Qb7 19. Qh5 exf5 20. exf5 Rfe8 21.
Rf3 d4 22. Na4 Qb4 23. g6 Re1+ 24. Rf1 hxg6 25. fxg6 fxg6 26. Qxg6 Rae8 27. c3
dxc3 28. Raxe1 Rxe1 29. Rxe1 Qxf4 30. Nxc5 1-0

[Event "BL 9192 HSK-Empor Berlin"]
[Site "?"]
[Date "1991.??.??"]
[Round "?.5"]
[White "Poldauf, D."]
[Black "Maus, So"]
[Result "0-1"]
[WhiteElo "2385"]
[BlackElo "2385"]
[PlyCount "106"]
[EventDate "1991.??.??"]

1. c4 e5 2. Nc3 Nc6 3. Nf3 f5 4. d4 e4 5. Nd2 Nf6 6. e3 g6 7. Be2 Bg7 8. O-O
O-O 9. f3 exf3 10. Bxf3 d6 11. Rb1 Qe7 12. Re1 Bd7 13. b4 Rae8 14. Nf1 Kh8 15.
Bd2 Qf7 16. Nd5 Nxd5 17. Bxd5 Qf6 18. b5 Nd8 19. Qa4 a6 20. Qa5 c6 21. bxc6
Bxc6 22. Bxc6 Nxc6 23. Qd5 f4 24. exf4 Qxd4+ 25. Qxd4 Bxd4+ 26. Kh1 b6 27. g3
Na5 28. Bxa5 bxa5 29. Rxe8 Rxe8 30. Rd1 Bc5 31. Rd2 Re1 32. Kg2 Rc1 33. g4 Rxc4
34. Kf3 Kg7 35. Ng3 Bb4 36. Re2 d5 37. f5 Rc3+ 38. Kg2 Ra3 39. Rc2 d4 40. Rc7+
Kf6 41. Rxh7 gxf5 42. Nxf5 Rxa2+ 43. Kf3 d3 44. Rd7 d2 45. h4 Ke6 46. Rd8 Ra1
47. Ne3 Re1 48. g5 Bd6 49. Rxd6+ Kxd6 50. Nc4+ Ke6 51. Nxd2 a4 52. Kf2 Rh1 53.
Ke3 a3 0-1

[Event "BL 9192 HSK-Empor Berlin"]
[Site "?"]
[Date "1991.??.??"]
[Round "?.6"]
[White "Michaelsen, N."]
[Black "Rosenthal, D."]
[Result "1/2-1/2"]
[WhiteElo "2370"]
[BlackElo "2350"]
[PlyCount "101"]
[EventDate "1991.??.??"]

1. d4 Nf6 2. c4 g6 3. Nc3 Bg7 4. e4 d6 5. f4 O-O 6. Nf3 Na6 7. Be2 e5 8. fxe5
dxe5 9. d5 Nc5 10. Bg5 h6 11. Bxf6 Qxf6 12. b4 Na6 13. Rb1 b6 14. O-O Qe7 15.
c5 bxc5 16. b5 Nb8 17. Nd2 h5 18. Nc4 Nd7 19. Kh1 Nf6 20. Qe1 Rd8 21. Na5 Re8
22. Nc6 Qd6 23. a4 Bd7 24. h3 Bh6 25. Bc4 Kg7 26. a5 Rf8 27. Rb2 h4 28. Qxh4
Be3 29. b6 Bxc6 30. dxc6 cxb6 31. axb6 axb6 32. Rxb6 g5 33. Qg3 Qd4 34. Nd5
Nxe4 35. Qxe3 Qxc4 36. Re1 Qxd5 37. Qxe4 Qxe4 38. Rxe4 f6 39. Rc4 Ra5 40. c7
Rc8 41. Rc6 Kf7 42. R4xc5 Rxc5 43. Rxc5 Ke6 44. Rc6+ Kd5 45. Rxf6 Rxc7 46. Kg1
Kd4 47. Kf2 Rc2+ 48. Kg3 e4 49. Rd6+ Kc4 50. Rd8 Rb2 51. Rd7 1/2-1/2

[Event "BL 9192 HSK-Empor Berlin"]
[Site "?"]
[Date "1991.??.??"]
[Round "?.7"]
[White "Schoene, R."]
[Black "Wegner, H."]
[Result "1/2-1/2"]
[WhiteElo "2345"]
[BlackElo "2425"]
[PlyCount "31"]
[EventDate "1991.??.??"]

1. d4 Nf6 2. c4 c5 3. d5 b5 4. cxb5 a6 5. bxa6 g6 6. b3 Bg7 7. Bb2 O-O 8. Nf3
d6 9. e3 Nxa6 10. Nbd2 Nb4 11. a3 Nbxd5 12. Be2 Bb7 13. O-O Ra7 14. Nc4 Nb6 15.
Nfd2 Nxc4 16. Nxc4 1/2-1/2

[Event "BL 9192 HSK-Empor Berlin"]
[Site "?"]
[Date "1991.??.??"]
[Round "?.8"]
[White "Sievers, S."]
[Black "Thinius, M."]
[Result "0-1"]
[WhiteElo "2340"]
[BlackElo "2350"]
[PlyCount "73"]
[EventDate "1991.??.??"]

1. e4 e5 2. Nf3 Nc6 3. Bb5 a6 4. Ba4 Nf6 5. d4 exd4 6. O-O Be7 7. Re1 O-O 8. e5
Ne8 9. Bf4 f6 10. Bxc6 dxc6 11. Qxd4 Qxd4 12. Nxd4 Bc5 13. Nf3 fxe5 14. Bxe5
Bg4 15. Nd4 Rd8 16. c3 Nd6 17. Nd2 Bb6 18. h3 Bh5 19. g4 Bf7 20. Re2 Nc4 21.
Nxc4 Bxc4 22. Re3 c5 23. Nf5 Rf7 24. b3 Bd3 25. Rd1 c4 26. Nd4 Re8 27. b4 c5
28. bxc5 Bxc5 29. Rde1 b5 30. Kg2 b4 31. cxb4 Bxb4 32. Bg3 Ref8 33. Rd1 Bc5 34.
Ne6 Bxe3 35. Nxf8 Ba7 36. Ne6 Rd7 37. Nf4 0-1

[Event "BL 9192 Erfurt-Bielefeld"]
[Site "?"]
[Date "1991.??.??"]
[Round "?.1"]
[White "Piskov, Y."]
[Black "Teske, H."]
[Result "0-1"]
[WhiteElo "2465"]
[BlackElo "2395"]
[PlyCount "70"]
[EventDate "1991.??.??"]

1. c4 e6 2. Nc3 c5 3. Nf3 Nf6 4. e4 Nc6 5. d3 d6 6. g3 b6 7. Bg2 Bb7 8. O-O Nd7
9. Ne1 Be7 10. f4 O-O 11. g4 Nd4 12. Ne2 Nxe2+ 13. Qxe2 Re8 14. g5 d5 15. h4
Nf8 16. Nf3 Qc7 17. h5 Rad8 18. Bd2 f6 19. gxf6 Bxf6 20. e5 Be7 21. Bc3 h6 22.
Bh3 Qc6 23. Qg2 dxc4 24. dxc4 Qe4 25. Qg4 Rd3 26. Rae1 Qxf3 27. Rxf3 Bxf3 28.
Qg3 Red8 29. Bf1 Be2 30. Qh2 Bxf1 31. Rxf1 Re3 32. Kf2 Rdd3 33. Rg1 Rh3 34. Qg2
Bh4+ 35. Kf1 Rhf3+ 0-1

[Event "BL 9192 Erfurt-Bielefeld"]
[Site "?"]
[Date "1991.??.??"]
[Round "?.2"]
[White "Casper, T."]
[Black "Gruen, G."]
[Result "1/2-1/2"]
[WhiteElo "2430"]
[BlackElo "2375"]
[PlyCount "88"]
[EventDate "1991.??.??"]

1. e4 e5 2. Bc4 Nf6 3. d3 Bc5 4. Nc3 O-O 5. h3 c6 6. Bb3 d5 7. Nf3 dxe4 8. Nxe4
Nxe4 9. dxe4 Qxd1+ 10. Kxd1 Nd7 11. Ke2 a5 12. a3 a4 13. Ba2 b6 14. Bc4 b5 15.
Bd3 f6 16. Rd1 Nb6 17. Be3 Bxe3 18. Kxe3 Be6 19. Be2 Rfd8 20. Rxd8+ Rxd8 21.
Nd2 g6 22. Bd3 f5 23. Rf1 f4+ 24. Ke2 Kg7 25. Rc1 Rb8 26. b4 axb3 27. cxb3 Bd7
28. b4 g5 29. Nb3 Na4 30. Na5 Rb6 31. Bc2 Nb2 32. Bb3 h5 33. Rc2 Na4 34. Bxa4
bxa4 35. Rc5 Kf6 36. Rxe5 Kxe5 37. Nc4+ Kxe4 38. Nxb6 Be6 39. f3+ Kd4 40. Nxa4
Bc4+ 41. Kf2 Be6 42. Nc5 Bf5 43. Ke2 Kc3 44. Kf2 Kc4 1/2-1/2

[Event "BL 9192 Erfurt-Bielefeld"]
[Site "?"]
[Date "1991.??.??"]
[Round "?.3"]
[White "Panzer, P."]
[Black "Kuczynski, R."]
[Result "1/2-1/2"]
[WhiteElo "2345"]
[BlackElo "2480"]
[PlyCount "82"]
[EventDate "1991.??.??"]

1. d4 d5 2. Nf3 c6 3. c4 Nf6 4. cxd5 cxd5 5. Nc3 Nc6 6. Bf4 Qb6 7. a3 Bf5 8.
Na4 Qd8 9. e3 Ne4 10. Be2 e6 11. O-O Bd6 12. Rc1 O-O 13. Bxd6 Qxd6 14. Nc5 Rab8
15. Qa4 Nxc5 16. dxc5 Qc7 17. b4 Bg4 18. h3 Bxf3 19. Bxf3 a6 20. Rfd1 Rfd8 21.
Qb3 Qe7 22. Be2 Qh4 23. b5 axb5 24. Bxb5 Rdc8 25. Rb1 Qe7 26. Rdc1 g6 27. Qc3
Qc7 28. Bxc6 Qxc6 29. Rb6 Qxb6 30. cxb6 Rxc3 31. Rxc3 Ra8 32. Rc7 Rxa3 33. g4
Rb3 34. Rxb7 g5 35. Kg2 Kg7 36. Kf3 Kf6 37. Kg2 Rb1 38. Kg3 Rg1+ 39. Kh2 Rb1
40. Kg3 Rb2 41. Rb8 Rb3 1/2-1/2

[Event "BL 9192 Erfurt-Bielefeld"]
[Site "?"]
[Date "1991.??.??"]
[Round "?.4"]
[White "Paehtz, T."]
[Black "Kassebaum, R."]
[Result "0-1"]
[WhiteElo "2465"]
[BlackElo "2410"]
[PlyCount "90"]
[EventDate "1991.??.??"]

1. d4 Nf6 2. c4 g6 3. Nc3 Bg7 4. e4 d6 5. Bd3 O-O 6. Nge2 c5 7. d5 e6 8. O-O
exd5 9. cxd5 a6 10. a4 Nbd7 11. h3 Re8 12. Ng3 b6 13. f4 Bb7 14. Qf3 Rc8 15.
Bc2 Qc7 16. Kh1 Qb8 17. Bd2 Ba8 18. Nd1 b5 19. axb5 axb5 20. Ne3 b4 21. Ba4 Bb7
22. Bc6 Rxc6 23. dxc6 Bxc6 24. f5 Ne5 25. Qf4 Nd3 26. Qh4 Qd8 27. fxg6 hxg6 28.
Nef5 gxf5 29. Bg5 Rxe4 30. Nxe4 Bxe4 31. Ra7 Ne5 32. Qg3 Ng6 33. Qb3 Qe8 34.
Rfa1 Nh5 35. Rc7 Qe5 36. Qxf7+ Kh7 37. Bh4 Bd5 38. Re1 Bxf7 39. Rxe5 Nxe5 40.
Be7 Ng3+ 41. Kh2 Ne4 42. g4 fxg4 43. hxg4 Nxg4+ 44. Kh3 Ngf2+ 45. Kh4 Be5 0-1

[Event "BL 9192 Erfurt-Bielefeld"]
[Site "?"]
[Date "1991.??.??"]
[Round "?.6"]
[White "Schwarz, M."]
[Black "Pohl Kuemmel, J."]
[Result "0-1"]
[WhiteElo "2315"]
[BlackElo "2245"]
[PlyCount "118"]
[EventDate "1991.??.??"]

1. Nf3 Nf6 2. g3 g6 3. Bg2 Bg7 4. O-O O-O 5. c4 d6 6. Nc3 e5 7. d4 Nbd7 8. h3
c6 9. Be3 Re8 10. Qc2 Qc7 11. Rfd1 a6 12. Rac1 exd4 13. Bxd4 Rb8 14. Qd2 Ne5
15. b3 Nxf3+ 16. exf3 Be6 17. Ne4 Nxe4 18. fxe4 Rbd8 19. Bxg7 Kxg7 20. Rc3 Rd7
21. Rd3 Red8 22. g4 Qb6 23. Kh1 Qc5 24. f4 f6 25. Qc3 g5 26. f5 Bf7 27. Kh2 Re7
28. R1d2 h6 29. Qd4 Qa5 30. Qf2 Qc7 31. Kh1 c5 32. Qg3 Re5 33. Qf3 b5 34. Qd1
bxc4 35. bxc4 Bxc4 36. Rxd6 Rxd6 37. Rxd6 Bb5 38. Rd2 c4 39. Qc1 c3 40. Rd5 Kf7
41. Bf3 Qc4 42. Rxe5 fxe5 43. Kh2 Qxa2+ 44. Kg3 c2 45. Qe3 Qc4 46. Qa7+ Kf6 47.
Qb6+ Ke7 48. Qa7+ Bd7 49. f6+ Kxf6 50. Qxd7 c1=Q 51. Qf5+ Ke7 52. Qxe5+ Kd7 53.
Qg7+ Kc8 54. Qh8+ Kc7 55. Qe5+ Kd7 56. Qg7+ Kc8 57. Qh8+ Kc7 58. Qe5+ Kb6 59.
Qd6+ Ka7 0-1

[Event "BL 9192 Erfurt-Bielefeld"]
[Site "?"]
[Date "1991.??.??"]
[Round "?.7"]
[White "Meier, V."]
[Black "Maiwald, J."]
[Result "0-1"]
[WhiteElo "2260"]
[BlackElo "2295"]
[PlyCount "90"]
[EventDate "1991.??.??"]

1. e4 c5 2. Nf3 e6 3. d4 cxd4 4. Nxd4 Nf6 5. Nc3 d6 6. f4 Be7 7. Be3 O-O 8. Qf3
e5 9. Nf5 Bxf5 10. exf5 Nbd7 11. O-O-O Qa5 12. g4 Rfc8 13. g5 Rxc3 14. bxc3 d5
15. gxf6 Nxf6 16. fxe5 Ne4 17. Rd3 Qxa2 18. Kd1 Qb1+ 19. Ke2 Qxc2+ 20. Rd2
Nxc3+ 21. Kf2 Ne4+ 22. Ke2 Qc4+ 23. Rd3 Qa2+ 24. Rd2 Qa6+ 25. Rd3 Rc8 26. Qg4
h5 27. Qxh5 Rc3 28. Kf3 Rxd3 29. Bxd3 Qxd3 30. Rg1 d4 31. Rxg7+ Kxg7 32. f6+
Bxf6 33. exf6+ Nxf6 34. Qh6+ Kg8 35. Qg5+ Kf8 36. Qc5+ Kg7 37. Qxd4 Qxd4 38.
Bxd4 a6 39. Ke3 Kg6 40. Kd3 Nd7 41. Ke4 b5 42. Kd5 f5 43. Kc6 f4 44. h4 f3 45.
Kd5 Nf6+ 0-1

[Event "BL 9192 Erfurt-Bielefeld"]
[Site "?"]
[Date "1991.??.??"]
[Round "?.8"]
[White "Lazarev, V."]
[Black "Beilfuss, W."]
[Result "1-0"]
[WhiteElo "2440"]
[BlackElo "2220"]
[PlyCount "69"]
[EventDate "1991.??.??"]

1. d4 Nf6 2. c4 e6 3. Nc3 Bb4 4. Qc2 c5 5. dxc5 Qc7 6. Nf3 a6 7. Bg5 Qxc5 8. a3
Qa5 9. Bd2 O-O 10. O-O-O Bxc3 11. Bxc3 Qc7 12. Be5 Qa5 13. e4 Ne8 14. Bc3 Qh5
15. Be2 Nc6 16. Kb1 Qc5 17. e5 f5 18. exf6 Nxf6 19. Bd3 Qe7 20. g4 Nxg4 21.
Bxh7+ Kh8 22. Rhg1 Rxf3 23. Rxg4 e5 24. Rdg1 Rf7 25. Bg6 d6 26. Rg5 Rf6 27. Be4
Be6 28. Rh5+ Rh6 29. Rxh6+ gxh6 30. Rg6 Bf7 31. Rxh6+ Kg7 32. Rh7+ Kf6 33. Qd2
Rg8 34. Qf4+ Ke6 35. Qf5# 1-0

[Event "BL 9192 Bamberg-Bochum"]
[Site "?"]
[Date "1991.??.??"]
[Round "?.2"]
[White "Pfleger, He"]
[Black "Glek, I."]
[Result "1/2-1/2"]
[WhiteElo "2495"]
[BlackElo "2530"]
[PlyCount "40"]
[EventDate "1991.??.??"]

1. d4 f5 2. Bg5 g6 3. e3 Bg7 4. c3 Nf6 5. Nd2 d6 6. Ngf3 Nc6 7. Bc4 e5 8. dxe5
dxe5 9. Qb3 Qe7 10. e4 h6 11. Bxf6 Bxf6 12. O-O-O Kf8 13. Bd5 Nd8 14. Qc2 f4
15. g3 fxg3 16. hxg3 Bg4 17. Rde1 c6 18. Bb3 Kg7 19. Nh4 Be6 20. Ng2 Bxb3
1/2-1/2

[Event "BL 9192 Bamberg-Bochum"]
[Site "?"]
[Date "1991.??.??"]
[Round "?.3"]
[White "Schulz, KJ."]
[Black "Meister, P."]
[Result "1-0"]
[WhiteElo "2400"]
[BlackElo "2410"]
[PlyCount "69"]
[EventDate "1991.??.??"]

1. c4 c5 2. Nf3 Nc6 3. d4 cxd4 4. Nxd4 g6 5. e4 Bg7 6. Nc2 d6 7. Be2 Nf6 8. Nc3
O-O 9. O-O Be6 10. Bg5 Qa5 11. Qd2 Rfc8 12. Rac1 a6 13. f3 b5 14. b4 Qb6+ 15.
Be3 Qb8 16. cxb5 axb5 17. Nd4 Nxd4 18. Bxd4 Bc4 19. Rc2 Bxe2 20. Nxe2 Rxc2 21.
Qxc2 e5 22. Bf2 d5 23. exd5 Nxd5 24. Qe4 Nf6 25. Qc6 Qe8 26. Rc1 Rxa2 27. Qb7
Bf8 28. Nc3 Ra8 29. Bh4 Rb8 30. Qa6 Bh6 31. Qxf6 Bxc1 32. Nd5 Rb7 33. Qd6 Qe6
34. Qd8+ Kg7 35. Bf6+ 1-0

[Event "BL 9192 Bamberg-Bochum"]
[Site "?"]
[Date "1991.??.??"]
[Round "?.4"]
[White "Kurz, A."]
[Black "Backwinkel, P."]
[Result "0-1"]
[WhiteElo "2325"]
[BlackElo "2400"]
[PlyCount "66"]
[EventDate "1991.??.??"]

1. e4 c5 2. Nf3 a6 3. g3 Nc6 4. Bg2 Nf6 5. d3 e5 6. O-O g6 7. Nbd2 d6 8. a3 Bg7
9. b4 O-O 10. bxc5 dxc5 11. Nc4 b5 12. Ne3 Bb7 13. Bb2 Re8 14. Nh4 Nd4 15. c3
Ne6 16. c4 Nd4 17. Rc1 Qb6 18. f4 exf4 19. gxf4 bxc4 20. Nxc4 Qd8 21. Nf3 Nh5
22. Nxd4 Bxd4+ 23. Kh1 Bxb2 24. Nxb2 Rc8 25. Nc4 Qd4 26. Qd2 Red8 27. Nb6 Rb8
28. Nd5 Bxd5 29. exd5 Rb2 30. Qc3 Rxd5 31. Qxb2 Qxb2 32. Bxd5 Nf6 33. Bxf7+ Kg7
0-1

[Event "BL 9192 Bamberg-Bochum"]
[Site "?"]
[Date "1991.??.??"]
[Round "?.6"]
[White "Goetz, R."]
[Black "Sonntag, H."]
[Result "1-0"]
[WhiteElo "2355"]
[BlackElo "2370"]
[PlyCount "109"]
[EventDate "1991.??.??"]

1. e4 e5 2. Nf3 Nc6 3. Bc4 Bc5 4. c3 Nf6 5. b4 Bb6 6. d3 d6 7. a4 a6 8. O-O O-O
9. Nbd2 Ne7 10. a5 Ba7 11. Bb3 Ng6 12. Nc4 h6 13. Be3 Bxe3 14. Nxe3 Be6 15. Nc4
Qe7 16. Qc2 Nh5 17. d4 Nhf4 18. dxe5 dxe5 19. Ne3 Qf6 20. Nd5 Nxd5 21. Bxd5 c6
22. Bxe6 fxe6 23. Rad1 Nf4 24. Ne1 Rad8 25. Rxd8 Rxd8 26. g3 Nh3+ 27. Kg2 Ng5
28. h4 Nf7 29. Nd3 g5 30. hxg5 Nxg5 31. Qe2 Rf8 32. Nc5 Qg6 33. Qg4 h5 34. Qh4
Rf7 35. f3 Kh8 36. Nd3 Qf6 37. Qxh5+ Rh7 38. Qe8+ Kg7 39. Qb8 Qh6 40. Qxe5+ Kg8
41. Kf2 Nxe4+ 42. fxe4 Qd2+ 43. Kf3 Qxd3+ 44. Kg2 Qe2+ 45. Rf2 Rh2+ 46. Kxh2
Qxf2+ 47. Kh3 Qf1+ 48. Kg4 Qd1+ 49. Kg5 Qd7 50. Qf6 Qd2+ 51. Kg6 Qd7 52. Qg5
Kf8 53. Qf4+ Ke8 54. Qb8+ Ke7 55. g4 1-0

[Event "BL 9192 Bamberg-Bochum"]
[Site "?"]
[Date "1991.??.??"]
[Round "?.7"]
[White "Beckemeyer, W."]
[Black "Stickler, A."]
[Result "1/2-1/2"]
[WhiteElo "2380"]
[BlackElo "2265"]
[PlyCount "72"]
[EventDate "1991.??.??"]

1. e4 c5 2. Nc3 e6 3. Nf3 a6 4. d4 cxd4 5. Nxd4 Qc7 6. Bd3 Nf6 7. Qe2 Bc5 8.
Nb3 Bb4 9. Bd2 Nc6 10. O-O Bxc3 11. Bxc3 e5 12. f4 d6 13. Qe3 Ng4 14. Qg3 Qb6+
15. Kh1 h5 16. h3 Be6 17. Qh4 g5 18. fxg5 O-O-O 19. Nd2 Kb8 20. Nf3 Ne7 21. Qe1
Rdg8 22. Ba5 Qe3 23. Bd2 Qb6 24. g3 f5 25. hxg4 hxg4+ 26. Nh2 f4 27. gxf4 Rh3
28. Rf2 Rgh8 29. Rg2 g3 30. Be3 Rxh2+ 31. Rxh2 Rxh2+ 32. Kg1 Qxb2 33. Rb1 Bh3
34. Rxb2 Rg2+ 35. Kh1 Rh2+ 36. Kg1 Rg2+ 1/2-1/2

[Event "BL 9192 Bielefeld-Bamberg"]
[Site "?"]
[Date "1991.??.??"]
[Round "?.1"]
[White "Unzicker, W."]
[Black "Piskov, Y."]
[Result "1/2-1/2"]
[WhiteElo "2455"]
[BlackElo "2465"]
[PlyCount "81"]
[EventDate "1991.??.??"]

1. e4 e6 2. d4 d5 3. Nc3 Nf6 4. Bg5 Bb4 5. Nge2 h6 6. Bxf6 Qxf6 7. a3 Ba5 8.
exd5 O-O 9. Qd3 Rd8 10. dxe6 Bxe6 11. O-O-O Qxf2 12. Ne4 Qf5 13. Nc5 Qxd3 14.
Rxd3 Bc8 15. g3 Nd7 16. b4 Bb6 17. Bg2 c6 18. Nf4 a5 19. Kb2 Nf6 20. d5 axb4
21. axb4 Bxc5 22. bxc5 Bf5 23. dxc6 bxc6 24. Bxc6 Rab8+ 25. Rb3 Rbc8 26. Bb5
Rxc5 27. Bd3 Bd7 28. Rd1 g5 29. Ng2 Re8 30. Re1 Be6 31. Rb7 Nd5 32. Bf5 Rc6 33.
Re5 Rec8 34. Ne1 Nb6 35. Bxe6 fxe6 36. Re2 Rd8 37. Nd3 Na4+ 38. Kb3 Nc3 39. Nb4
Nxe2 40. Nxc6 Rd1 41. Re7 1/2-1/2

[Event "BL 9192 Bielefeld-Bamberg"]
[Site "?"]
[Date "1991.??.??"]
[Round "?.3"]
[White "Meister, P."]
[Black "Panzer, P."]
[Result "1-0"]
[WhiteElo "2410"]
[BlackElo "2345"]
[PlyCount "165"]
[EventDate "1991.??.??"]

1. d4 Nf6 2. c4 g6 3. Nc3 Bg7 4. e4 d6 5. f3 c5 6. Nge2 O-O 7. Be3 Qa5 8. Nc1
cxd4 9. Nb3 Qc7 10. Nxd4 Nc6 11. Rc1 Nxd4 12. Bxd4 Be6 13. Qd2 Rfc8 14. Be2 a5
15. Nb5 Qd8 16. Be3 Bd7 17. Nd4 Bc6 18. O-O Nd7 19. Rfd1 Nc5 20. b3 Qf8 21. Bf1
Bd7 22. Kh1 Kh8 23. Rc2 Bf6 24. Ne2 Be5 25. Nc3 Bc6 26. Nd5 Bxd5 27. Qxd5 f5
28. exf5 Qxf5 29. Re2 b6 30. Bd4 Nd7 31. Rde1 Bxd4 32. Qxd4+ Qf6 33. Qxf6+ Nxf6
34. Rxe7 Re8 35. Rxe8+ Rxe8 36. Rd1 Rd8 37. Kg1 Kg7 38. Kf2 Kf7 39. Ke3 g5 40.
Bd3 Re8+ 41. Kd4 h6 42. Rb1 Re5 43. a3 Ke7 44. b4 g4 45. fxg4 Nxg4 46. h3 Nf6
47. Rf1 Rh5 48. Rf4 axb4 49. axb4 Ke6 50. h4 Nd7 51. Be2 Re5 52. Bg4+ Ke7 53.
Bf5 Re2 54. Re4+ Rxe4+ 55. Kxe4 Nf6+ 56. Kd4 Nh5 57. Kd5 Nf4+ 58. Kc6 Nxg2 59.
h5 Nf4 60. Bg4 Nd3 61. Kb5 Kd8 62. Bf5 Ne5 63. Kxb6 Nxc4+ 64. Kc6 Ke7 65. Bh3
Na3 66. Kd5 Kf6 67. Bf1 Ke7 68. Be2 Kd7 69. Bd1 Nb1 70. Ba4+ Ke7 71. Kd4 Na3
72. Ke4 Ke6 73. Bb3+ Kf6 74. Kd5 Kg5 75. Bd1 Nb5 76. Ke6 Nc3 77. Bf3 Kf4 78.
Bc6 Kg5 79. Be8 d5 80. Ke5 Kg4 81. Kd4 Ne4 82. b5 Kf5 83. Bg6+ 1-0

[Event "BL 9192 Bielefeld-Bamberg"]
[Site "?"]
[Date "1991.??.??"]
[Round "?.4"]
[White "Kassebaum, R."]
[Black "Kurz, A."]
[Result "0-1"]
[WhiteElo "2410"]
[BlackElo "2325"]
[PlyCount "76"]
[EventDate "1991.??.??"]

1. e4 c5 2. Nf3 Nc6 3. c3 e6 4. d4 d5 5. e5 Qb6 6. a3 c4 7. Nbd2 Na5 8. Rb1 Bd7
9. Be2 O-O-O 10. O-O Kb8 11. Re1 Ne7 12. Nf1 f5 13. exf6 gxf6 14. Bf4+ Ka8 15.
Ne3 Be8 16. Nh4 Ng6 17. Bg3 Bd6 18. Bf3 Bxg3 19. hxg3 Nxh4 20. gxh4 Bg6 21. Nc2
Rhe8 22. Bh5 Qd6 23. Bxg6 hxg6 24. Qf3 e5 25. Qg3 Qe6 26. dxe5 fxe5 27. Re2 Qf6
28. Rbe1 Nc6 29. Nb4 e4 30. Nxc6 Qxc6 31. Rd1 Rf8 32. Qe5 a6 33. Red2 Rf5 34.
Qd4 g5 35. Re2 Rg8 36. hxg5 Rfxg5 37. g3 Qh6 38. Re3 Qh3 0-1